| 000 | 00512nam a2200181Ia 4500 | ||
|---|---|---|---|
| 999 |
_c7081 _d7081 |
||
| 020 | _a9780415482288 | ||
| 082 | _a331.4810954 BAS-; | ||
| 100 | _aBasi, Tina | ||
| 245 | 0 | _aWomen, identity and India's call centre industry | |
| 260 |
_aLondon _bRoutledge _c2009 |
||
| 300 | _axvi, 210 | ||
| 440 | _aRoutledge research on gender in Asia series | ||
| 504 | _aincludes bibliography and index | ||
| 650 |
_aCall centres _zIndia |
||
| 650 | _aWorking class women | ||
| 650 |
_aWomen employees _zIndia |
||
| 942 | _cBK | ||